[Event "Aachen- Kleve"]
[Site "Aachen"]
[Date "2019.11.03"]
[Round "3.3"]
[White "Wiegersma, Justus"]
[Black "Juegel, Marcel"]
[Result "0-1"]
[WhiteElo "1985"]
[BlackElo "2198"]
[Annotator "Johannes"]
[PlyCount "84"]
[EventDate "2019.11.03"]
[SourceVersionDate "2020.03.16"]
[WhiteTeam "SK Turm Kleve"]
[BlackTeam "DJK Aufwärts Aachen 3"]

1. d4 e6 2. e4 b6 3. Bd3 Bb7 4. Nf3 c5 5. c3 Nf6 6. Qe2 Be7 7. O-O d5 8. e5
Nfd7 9. Be3 Nc6 10. a3 g5 11. b4 g4 12. Ne1 h5 13. b5 Na5 14. Nd2 c4 15. Bc2
Qc7 16. f4 O-O-O 17. f5 Nxe5 18. dxe5 Qxe5 19. Qf2 Qxc3 20. Bd4 Qxd4 21. Qxd4
Bc5 22. Qxc5+ bxc5 23. fxe6 fxe6 24. Rf6 Kd7 25. Bg6 Ke7 26. Rf7+ Kd6 27. Rd1
Ke5 28. Nc2 Rh6 29. Re1+ Kd6 30. Rf6 Bc8 31. Ne3 Kc7 32. Rf7+ Rd7 33. Rxd7+
Bxd7 34. Bc2 Bxb5 35. Rf1 Kd6 36. Rf8 c3 37. Nb1 d4 38. Nd1 Ke7 39. Rf1 Bxf1
40. Kxf1 Nc4 41. Kf2 Rf6+ 42. Ke2 e5 0-1

[Event "Aachen- Kleve"]
[Site "Aachen"]
[Date "2019.11.03"]
[Round "3.4"]
[White "Deider, Kevin"]
[Black "Verfuerth, Kevin"]
[Result "0-1"]
[WhiteElo "1822"]
[BlackElo "2029"]
[Annotator "Johannes"]
[PlyCount "60"]
[EventDate "2019.11.03"]
[SourceVersionDate "2020.03.16"]
[WhiteTeam "DJK Aufwärts Aachen 3"]
[BlackTeam "SK Turm Kleve"]

{[%evp 0,27,28,39,52,41,36,-15,29,33,30,23,71,43,62,49,13,-17,-29,-53,-53,-53,
-36,-36,-36,-36,-36,-36,-24,-74]} 1. e4 c5 2. d4 cxd4 3. c3 dxc3 4. Nxc3 Nc6 5.
Nf3 g6 6. Bc4 Bg7 7. e5 Nxe5 8. Nxe5 Bxe5 9. Bxf7+ Kxf7 10. Qd5+ Kg7 11. Qxe5+
Nf6 12. O-O d6 13. Qd4 h6 14. Re1 e5 15. Qb4 Re8 16. Nb5 d5 17. Qc3 d4 18. Qg3
a6 19. Na3 Qd5 20. Bd2 Bf5 21. Rac1 Rac8 22. Rxc8 Bxc8 23. Rc1 Bd7 24. Rc2 Rc8
25. Rxc8 Bxc8 26. Qb3 Qxb3 27. axb3 Be6 28. Nc4 Bxc4 29. bxc4 Ne4 30. Ba5 b5 {
(ZÜ)} 0-1

[Event "Aachen- Kleve"]
[Site "Aachen"]
[Date "2019.11.03"]
[Round "3.5"]
[White "Albers, Sasa"]
[Black "Gourevitch, Mihkail"]
[Result "0-1"]
[WhiteElo "1975"]
[BlackElo "2108"]
[Annotator "Johannes"]
[PlyCount "106"]
[EventDate "2019.11.03"]
[SourceVersionDate "2020.03.16"]
[WhiteTeam "SK Turm Kleve"]
[BlackTeam "DJK Aufwärts Aachen 3"]

{[%evp 0,13,20,44,55,46,52,6,27,27,29,14,-1,27,22,-726]} 1. e4 c5 2. Nf3 e6 3.
c3 d5 4. exd5 exd5 5. Bb5+ Bd7 6. Qe2+ Be7 7. O-O Bxb5 8. Qxb5+ Qd7 9. Na3 a6
10. Qe2 Nc6 11. Re1 Nf6 12. d4 O-O 13. Ne5 Nxe5 14. dxe5 Ne8 15. Be3 Nc7 16.
Rad1 Rad8 17. Qf3 Qc6 18. Rd2 Qe6 19. Qg3 Rd7 20. Red1 Rfd8 21. Nc2 Qg6 22. Ne1
Ne6 23. Nf3 Qxg3 24. hxg3 g5 25. g4 Kg7 26. g3 Kg6 27. Kg2 f5 28. exf6 Bxf6 29.
Rd3 h6 30. Re1 d4 31. cxd4 cxd4 32. Bd2 Nc5 33. Ra3 Rd5 34. Bb4 d3 35. Bxc5
Rxc5 36. Rd1 Rc2 37. Raxd3 Rxd3 38. Rxd3 Rxb2 39. Rb3 Rxb3 40. axb3 a5 41. Nd2
b5 42. f4 a4 43. bxa4 bxa4 44. fxg5 hxg5 45. Nc4 Bb2 46. Nxb2 a3 47. Nd3 a2 48.
Nf2 a1=Q 49. Nh3 Qe1 50. Nf2 Qe2 51. Kh3 Qf1+ 52. Kh2 Qxf2+ 53. Kh3 Qd4 0-1

[Event "Aachen- Kleve"]
[Site "Aachen"]
[Date "2019.11.03"]
[Round "3.6"]
[White "Schloemer, Armin"]
[Black "Brandt, Thorsten"]
[Result "0-1"]
[WhiteElo "1834"]
[BlackElo "1912"]
[Annotator "Johannes"]
[PlyCount "104"]
[EventDate "2019.11.03"]
[SourceVersionDate "2020.03.16"]
[WhiteTeam "DJK Aufwärts Aachen 3"]
[BlackTeam "SK Turm Kleve"]

{[%evp 0,13,28,39,47,11,-9,-69,-60,-31,-19,-24,0,-11,14,29]} 1. e4 e6 2. b3 d5
3. Bb2 dxe4 4. Nc3 Nf6 5. Qe2 Bb4 6. O-O-O Qe7 7. Nxe4 Ba3 8. Nxf6+ Qxf6 9. d4
Qe7 10. f4 a5 11. Qg4 O-O 12. c3 a4 13. b4 Bxb2+ 14. Kxb2 b6 15. a3 c5 16. dxc5
bxc5 17. Qg5 Qxg5 18. fxg5 Bb7 19. Nf3 cxb4 20. axb4 Rc8 21. Bb5 Kf8 22. Ra1
Bc6 23. Bxc6 Nxc6 24. Rhe1 Ne7 25. Rac1 Nd5 26. Nd4 Rc4 27. Red1 Rac8 28. Nb5
Ke7 29. Rd2 Rg4 30. Ka3 Nb6 31. Rd4 Rxg2 32. c4 Rxh2 33. c5 Rh3+ 34. Ka2 Nd5
35. Na7 Rc7 36. Nb5 Rc6 37. Na7 Ra6 38. Nc8+ Kd7 39. Nb6+ Kc6 40. Nc8 Rh2+ 41.
Ka1 Rh3 42. Rc2 Rb3 43. Rb2 Rxb2 44. Kxb2 a3+ 45. Ka1 a2 46. Nd6 Ra3 47. Nc4
Ra4 48. Na5+ Kb5 49. c6 Rxb4 50. Rxd5+ exd5 51. c7 Rb1+ 52. Kxa2 Rc1 0-1

[Event "Aachen- Kleve"]
[Site "Aachen"]
[Date "2019.11.03"]
[Round "3.7"]
[White "Krebbers, Wilfried"]
[Black "Braeuer, Karl-Heinz"]
[Result "1/2-1/2"]
[WhiteElo "2062"]
[BlackElo "2011"]
[Annotator "Johannes"]
[PlyCount "115"]
[EventDate "2019.11.03"]
[SourceVersionDate "2020.03.16"]
[WhiteTeam "DJK Aufwärts Aachen 3"]
[BlackTeam "SK Turm Kleve"]

{[%evp 0,8,27,-54,-54,-54,8,-26,-5,-53,-40]} 1. b4 d5 2. Bb2 c6 3. e3 Nf6 4. c4
e6 5. b5 Be7 6. Nf3 O-O 7. Nc3 Nbd7 8. d4 Qa5 9. Qb3 Ne4 10. Bd3 Ndf6 11. O-O
Bd7 12. Bxe4 Nxe4 13. Nxe4 dxe4 14. Bc3 Qc7 15. Nd2 f5 16. a4 Rf6 17. f4 Rh6
18. Rf2 g5 19. g3 gxf4 20. gxf4 Kf7 21. Kh1 Rg8 22. Rg1 Rhg6 23. Rfg2 Qc8 24.
Qd1 cxb5 25. Qh5 R8g7 26. d5 Bf6 27. Bxf6 Kxf6 28. Qh4+ Kf7 29. Rxg6 hxg6 30.
dxe6+ Bxe6 31. axb5 Qd7 32. Qf2 Qd3 33. Ra1 Bxc4 34. Nxc4 Qxc4 35. Rxa7 Qxb5
36. Qa2+ Ke7 37. Kg2 g5 38. Qa3+ Kf7 39. Qa2+ Kg6 40. Ra5 Qc6 41. fxg5 Kxg5 42.
Qf2 Qd7 43. h4+ Kf6+ 44. Kh1 Rg4 45. Ra8 Qd1+ 46. Kh2 Qd6+ 47. Kh3 Rg7 48. Rh8
Qe5 49. Rf8+ Rf7 50. Rg8 Rg7 51. Rf8+ Rf7 52. Rg8 Ke7 53. Qd2 Qc7 54. Qb4+ Kd7
55. Qd4+ Ke7 56. Qb4+ Kd7 57. Qd4+ Ke7 58. Qb4+ 1/2-1/2

[Event "Aachen- Kleve"]
[Site "Aachen"]
[Date "2019.11.03"]
[Round "3.8"]
[White "Hennicken, Reinhard"]
[Black "Verfuerth, Thomas"]
[Result "1/2-1/2"]
[WhiteElo "1998"]
[BlackElo "2062"]
[Annotator "Johannes"]
[PlyCount "76"]
[EventDate "2019.11.03"]
[SourceVersionDate "2020.03.16"]
[WhiteTeam "SK Tuem Kleve"]
[BlackTeam "DJK Aufwärts Aachen 3"]

{[%evp 0,25,16,28,46,51,106,88,72,30,41,38,96,86,102,22,12,-6,20,19,37,23,45,
28,13,12,-2,-3]} 1. e4 c5 2. Nf3 d6 3. d4 cxd4 4. Nxd4 Nf6 5. Nc3 g6 6. Bc4 Bg7
7. Bb3 Nc6 8. Be3 O-O 9. f3 Bd7 10. Qd2 Qa5 11. O-O-O Ne5 12. Kb1 Rfc8 13. Nce2
Qxd2 14. Rxd2 Nc4 15. Bxc4 Rxc4 16. b3 Rc7 17. c4 a5 18. a4 Bc6 19. Rhd1 Nxe4
20. fxe4 Bxe4+ 21. Ka2 Bxg2 22. Nb5 Rcc8 23. h4 Bf3 24. Rg1 d5 25. Ned4 Be4 26.
cxd5 Rd8 27. d6 exd6 28. h5 Rd7 29. Ne2 Bf3 30. Ng3 Be5 31. hxg6 hxg6 32. Bd4
Bc6 33. Nh5 Re7 34. Nf6+ Kg7 35. Ng4 Bxb5 36. axb5 Bxd4 37. Rxd4 f5 38. Rxd6
fxg4 1/2-1/2

[Event "DJK Aufwärts Aachen 3 - SV Mülheim-No"]
[Site "NRW-Klasse - Gruppe 3 2019/20"]
[Date "2020.01.12"]
[Round "5.1"]
[White "Walter, Andreas"]
[Black "Draeger, Thomas"]
[Result "1-0"]
[WhiteElo "2120"]
[BlackElo "2208"]
[PlyCount "75"]
[EventDate "2020.??.??"]
[SourceVersionDate "2020.03.16"]
[WhiteTeam "SV Mülheim-Nord 3"]
[BlackTeam "DJK Aufwärts Aachen 3"]

1. d4 e6 2. c4 Nf6 3. Nc3 Bb4 4. Qc2 O-O 5. a3 Bxc3+ 6. Qxc3 b6 7. Bg5 Bb7 8.
f3 h6 9. Bh4 d5 10. e3 Nbd7 11. cxd5 Nxd5 12. Bxd8 Nxc3 13. Bh4 Nd5 14. Bf2
Rac8 15. Bb5 c6 16. Ba4 b5 17. Bb3 c5 18. Ne2 cxd4 19. Nxd4 Nc5 20. Bc2 Na4 21.
O-O-O a6 22. Ne2 Ndb6 23. b3 Nc5 24. Kb2 Rfd8 25. e4 Rxd1 26. Rxd1 Ncd7 27. Rd6
Rc6 28. Rxc6 Bxc6 29. Kc3 Nc8 30. Nd4 Bb7 31. a4 bxa4 32. bxa4 Kf8 33. Nb3 Ne7
34. Nc5 Nxc5 35. Bxc5 a5 36. Kd4 e5+ 37. Kxe5 Ke8 38. Kd6 1-0

[Event "DJK Aufwärts Aachen 3 - SV Mülheim-No"]
[Site "NRW-Klasse - Gruppe 3 2019/20"]
[Date "2020.01.12"]
[Round "5.2"]
[White "Juegel, Marcel"]
[Black "Wittenberg, Andreas"]
[Result "1-0"]
[WhiteElo "2192"]
[BlackElo "2165"]
[PlyCount "55"]
[EventDate "2020.??.??"]
[SourceVersionDate "2020.03.16"]
[WhiteTeam "DJK Aufwärts Aachen 3"]
[BlackTeam "SV Mülheim-Nord 3"]

1. d4 e6 2. Nc3 d5 3. Bf4 Nf6 4. Nb5 Na6 5. a3 c6 6. Nc3 Bd6 7. e3 Bxf4 8. exf4
b6 9. Nf3 O-O 10. Ne5 Qd6 11. Bd3 Nc7 12. g4 Ba6 13. Bxa6 Nxa6 14. Qd3 Nc7 15.
g5 Nd7 16. Rg1 c5 17. O-O-O c4 18. Qh3 Rfd8 19. Rg4 Nf8 20. Rh4 b5 21. Rg1 a5
22. Rgg4 b4 23. Rxh7 Nxh7 24. Rh4 Kf8 25. Rxh7 Ke7 26. g6 Rg8 27. gxf7 Qb6 28.
Qh4+ 1-0

[Event "DJK Aufwärts Aachen 3 - SV Mülheim-No"]
[Site "NRW-Klasse - Gruppe 3 2019/20"]
[Date "2020.01.12"]
[Round "5.3"]
[White "Kuipers, Dustin"]
[Black "Gourevitch, Mikhail"]
[Result "1/2-1/2"]
[WhiteElo "2099"]
[BlackElo "2114"]
[PlyCount "61"]
[EventDate "2020.??.??"]
[SourceVersionDate "2020.03.16"]
[WhiteTeam "SV Mülheim-Nord 3"]
[BlackTeam "DJK Aufwärts Aachen 3"]

1. Nf3 c5 2. c4 Nc6 3. d4 cxd4 4. Nxd4 g6 5. e4 Bg7 6. Be3 d6 7. Nc3 Nf6 8. f3
Bd7 9. Qd2 O-O 10. Be2 a6 11. O-O Rc8 12. Rac1 Nxd4 13. Bxd4 Bc6 14. Rfd1 Re8
15. b4 Qc7 16. b5 axb5 17. cxb5 Bd7 18. Nd5 Qb8 19. Nxf6+ Bxf6 20. Bxf6 exf6
21. Rxc8 Bxc8 22. Qd4 Be6 23. Rd2 Kg7 24. a4 Rc8 25. Qxd6 Rc1+ 26. Kf2 Qa7+ 27.
Qd4 Qa5 28. g4 Qc7 29. Kg2 g5 30. b6 Qf4 31. Bd1 1/2-1/2

[Event "DJK Aufwärts Aachen 3 - SV Mülheim-No"]
[Site "NRW-Klasse - Gruppe 3 2019/20"]
[Date "2020.01.12"]
[Round "5.4"]
[White "Schloemer, Armin"]
[Black "Voss, Gunther"]
[Result "0-1"]
[WhiteElo "1937"]
[BlackElo "2068"]
[PlyCount "88"]
[EventDate "2020.??.??"]
[SourceVersionDate "2020.03.16"]
[WhiteTeam "DJK Aufwärts Aachen 3"]
[BlackTeam "SV Mülheim-Nord 3"]

1. d4 Nf6 2. Nc3 d5 3. Bf4 a6 4. h3 Bf5 5. e3 e6 6. g4 Bg6 7. Bg2 c5 8. Nf3 Nc6
9. Nh4 Ne4 10. Nxg6 Nxc3 11. bxc3 hxg6 12. O-O Bd6 13. Bxd6 Qxd6 14. Qe2 Rc8
15. Rab1 Na5 16. e4 dxe4 17. Qxe4 O-O 18. Rfd1 cxd4 19. cxd4 Rc4 20. Qe1 Qa3
21. Qd2 Rfc8 22. Rdc1 b5 23. Bf1 Rc3 24. Bd3 Qd6 25. Bf1 b4 26. Bg2 Nc4 27. Qd1
Na3 28. Rb2 a5 29. d5 e5 30. Kf1 R8c4 31. Qe2 Nb5 32. Re1 f6 33. Rc1 Nd4 34.
Qd2 a4 35. Be4 f5 36. Bd3 Rc8 37. Be2 Qxd5 38. f3 Qc5 39. Kg2 b3 40. axb3 axb3
41. gxf5 gxf5 42. Bd3 Nxf3 43. Qe2 Nd4 44. Qf2 Rxd3 0-1

[Event "DJK Aufwärts Aachen 3 - SV Mülheim-No"]
[Site "NRW-Klasse - Gruppe 3 2019/20"]
[Date "2020.01.12"]
[Round "5.5"]
[White "Oltmanns, Jan"]
[Black "Braeuer, Karl-Heinz"]
[Result "1/2-1/2"]
[WhiteElo "2008"]
[BlackElo "1934"]
[PlyCount "75"]
[EventDate "2020.??.??"]
[SourceVersionDate "2020.03.16"]
[WhiteTeam "SV Mülheim-Nord 3"]
[BlackTeam "DJK Aufwärts Aachen 3"]

1. Nf3 d5 2. b3 Bg4 3. e3 e5 4. h3 Bxf3 5. Qxf3 e4 6. Qd1 Be7 7. d4 exd3 8.
cxd3 Bf6 9. d4 c5 10. Bb5+ Nc6 11. Bxc6+ bxc6 12. Bb2 cxd4 13. exd4 Ne7 14. O-O
O-O 15. Qc2 Qb6 16. Re1 Rfd8 17. Nc3 Rac8 18. Rac1 g6 19. g4 Rc7 20. Na4 Qb8
21. Nc5 Qc8 22. Bc3 h5 23. Qd1 hxg4 24. hxg4 Kg7 25. Ba5 Rh8 26. Kg2 g5 27.
Bxc7 Qxc7 28. Rh1 Rxh1 29. Kxh1 Qf4 30. Rc3 Qxf2 31. Rd3 Ng6 32. Rd2 Qh4+ 33.
Rh2 Qg3 34. Nd7 Be7 35. Qg1 Qf3+ 36. Qg2 Qd1+ 37. Qg1 Qf3+ 38. Qg2 1/2-1/2

[Event "DJK Aufwärts Aachen 3 - SV Mülheim-No"]
[Site "NRW-Klasse - Gruppe 3 2019/20"]
[Date "2020.01.12"]
[Round "5.6"]
[White "Hennicken, Reinhard"]
[Black "Mainusch, Martin"]
[Result "1/2-1/2"]
[WhiteElo "1913"]
[BlackElo "1935"]
[PlyCount "50"]
[EventDate "2020.??.??"]
[SourceVersionDate "2020.03.16"]
[WhiteTeam "DJK Aufwärts Aachen 3"]
[BlackTeam "SV Mülheim-Nord 3"]

1. e4 e6 2. d4 d5 3. Nd2 h6 4. Bd3 c5 5. dxc5 Bxc5 6. Ngf3 Nf6 7. O-O dxe4 8.
Nxe4 Nxe4 9. Bxe4 Qxd1 10. Rxd1 Nd7 11. Bf4 Nf6 12. Bd3 O-O 13. Ne5 a6 14. Be2
g5 15. Nd3 Bxf2+ 16. Kxf2 gxf4 17. Nxf4 Bd7 18. Bf3 Bc6 19. Bxc6 bxc6 20. Kf3
e5 21. Ne2 Rfd8 22. c4 Kf8 23. Ng3 Ke7 24. Nf5+ Ke6 25. Ng7+ Ke7 1/2-1/2

[Event "DJK Aufwärts Aachen 3 - SV Mülheim-No"]
[Site "NRW-Klasse - Gruppe 3 2019/20"]
[Date "2020.01.12"]
[Round "5.7"]
[White "Schmidt, Kevin"]
[Black "Block, Wolfgang"]
[Result "1/2-1/2"]
[WhiteElo "1919"]
[BlackElo "2046"]
[PlyCount "33"]
[EventDate "2020.??.??"]
[SourceVersionDate "2020.03.16"]
[WhiteTeam "SV Mülheim-Nord 3"]
[BlackTeam "DJK Aufwärts Aachen 3"]

1. e4 c6 2. d4 d5 3. Nc3 dxe4 4. Nxe4 Bf5 5. Ng3 Bg6 6. Nh3 e6 7. c3 Bd6 8. Bc4
Nd7 9. Nf4 Bxf4 10. Bxf4 Ngf6 11. O-O Nd5 12. Bd2 O-O 13. Bb3 b5 14. Bc2 c5 15.
Bxg6 hxg6 16. dxc5 Nxc5 17. Qe2 1/2-1/2

[Event "DJK Aufwärts Aachen 3 - SV Mülheim-No"]
[Site "NRW-Klasse - Gruppe 3 2019/20"]
[Date "2020.01.12"]
[Round "5.8"]
[White "Klinkhammer, Matthias"]
[Black "Kesch, Marc"]
[Result "1-0"]
[WhiteElo "1934"]
[BlackElo "1643"]
[PlyCount "33"]
[EventDate "2020.??.??"]
[SourceVersionDate "2020.03.16"]
[WhiteTeam "DJK Aufwärts Aachen 3"]
[BlackTeam "SV Mülheim-Nord 3"]

1. e4 c5 2. Nc3 Nc6 3. f4 d6 4. Nf3 Nf6 5. Bb5 a6 6. Bxc6+ bxc6 7. O-O g6 8. d3
Bg7 9. Qe1 Rb8 10. Kh1 O-O 11. Rb1 Ng4 12. Na4 Rb4 13. b3 e5 14. h3 Nh6 15.
fxe5 Rb5 16. Bg5 f6 17. exf6 1-0

[Event "SC Tornado Hochneukirch 1 - Brühler SK"]
[Site "NRW-Klasse - Gruppe 3 2019/20"]
[Date "2020.01.12"]
[Round "5.1"]
[White "Loifenfeld, Jakov"]
[Black "Andrzejewski, Roman"]
[Result "1-0"]
[WhiteElo "2374"]
[BlackElo "1618"]
[PlyCount "37"]
[EventDate "2020.??.??"]
[SourceVersionDate "2020.03.16"]
[WhiteTeam "Brühler SK 1"]
[BlackTeam "SC Tornado Hochneukirch 1"]

1. d4 d5 2. Nf3 Nf6 3. g3 Bf5 4. c4 e6 5. cxd5 exd5 6. Qb3 b6 7. Bg2 Be7 8. O-O
O-O 9. Nc3 Nc6 10. Bg5 Na5 11. Qa4 Nc4 12. Ne5 Nxe5 13. dxe5 Ne4 14. Bxe7 Nxc3
15. Bxd8 Nxa4 16. Bxc7 Nxb2 17. Bxd5 Rac8 18. Rac1 Na4 19. Bb7 1-0

[Event "SC Tornado Hochneukirch 1 - Brühler SK"]
[Site "NRW-Klasse - Gruppe 3 2019/20"]
[Date "2020.01.12"]
[Round "5.2"]
[White "Bub, Volker"]
[Black "Schiffer, Stefan"]
[Result "1-0"]
[WhiteElo "2090"]
[BlackElo "2276"]
[PlyCount "43"]
[EventDate "2020.??.??"]
[SourceVersionDate "2020.03.16"]
[WhiteTeam "SC Tornado Hochneukirch 1"]
[BlackTeam "Brühler SK 1"]

1. e4 c5 2. d3 e6 3. f4 d5 4. Be2 dxe4 5. dxe4 Qxd1+ 6. Bxd1 Bd7 7. Nf3 Bc6 8.
e5 Nh6 9. Be3 Nd7 10. Nbd2 f6 11. h3 Be7 12. O-O Nf7 13. Re1 O-O-O 14. Bf2 g5
15. exf6 Bxf6 16. Rxe6 Bd5 17. Rxf6 Nxf6 18. Bxc5 Nh5 19. fxg5 b6 20. Be3 Rde8
21. Kf2 Ng3 22. Bd4 1-0

[Event "SC Tornado Hochneukirch 1 - Brühler SK"]
[Site "NRW-Klasse - Gruppe 3 2019/20"]
[Date "2020.01.12"]
[Round "5.3"]
[White "Engel, Johann"]
[Black "Huesmann, Thomas"]
[Result "1-0"]
[WhiteElo "2136"]
[BlackElo "2143"]
[PlyCount "89"]
[EventDate "2020.??.??"]
[SourceVersionDate "2020.03.16"]
[WhiteTeam "Brühler SK 1"]
[BlackTeam "SC Tornado Hochneukirch 1"]

1. d4 f5 2. c4 Nf6 3. Nc3 g6 4. e3 Bg7 5. Bd3 d6 6. Nf3 Nc6 7. d5 Ne5 8. Nxe5
dxe5 9. f4 e4 10. Bc2 O-O 11. O-O e6 12. Bb3 Kh8 13. Qc2 exd5 14. cxd5 Bd7 15.
Bc4 c6 16. dxc6 Bxc6 17. b3 Qb6 18. Nd1 Rac8 19. Ba3 Rfe8 20. Qe2 Qa5 21. Bb2
b5 22. b4 Qxb4 23. Bb3 Qe7 24. Nc3 Qb7 25. Qe1 Qb6 26. Rd1 Red8 27. Qg3 Rd3 28.
Rfe1 Rcd8 29. Ne2 Rxd1 30. Rxd1 Rxd1+ 31. Bxd1 Qa5 32. Qh4 Ng8 33. Bxg7+ Kxg7
34. Bb3 Nf6 35. Nd4 Bd7 36. Be6 Bxe6 37. Nxe6+ Kf7 38. Ng5+ Ke8 39. Qf2 Qa3 40.
h3 Nd5 41. Nxh7 Qxe3 42. Nf6+ Kd8 43. Nxd5 Qd3 44. Qc5 Kd7 45. Qe7+ 1-0

[Event "SC Tornado Hochneukirch 1 - Brühler SK"]
[Site "NRW-Klasse - Gruppe 3 2019/20"]
[Date "2020.01.12"]
[Round "5.4"]
[White "Zimmermann, Rolf"]
[Black "Schaefer, Juergen"]
[Result "1/2-1/2"]
[WhiteElo "2098"]
[BlackElo "2120"]
[PlyCount "114"]
[EventDate "2020.??.??"]
[SourceVersionDate "2020.03.16"]
[WhiteTeam "SC Tornado Hochneukirch 1"]
[BlackTeam "Brühler SK 1"]

1. c4 g6 2. Nc3 Bg7 3. g3 Nc6 4. Bg2 d6 5. e3 e5 6. Nge2 Be6 7. b3 Nge7 8. Ba3
Qd7 9. Nd5 Rc8 10. Nxe7 Qxe7 11. d4 exd4 12. Bb2 Bg4 13. Bxc6+ bxc6 14. Bxd4 f6
15. Qd2 c5 16. Bc3 Bf3 17. Rg1 O-O 18. O-O-O Ra8 19. Rde1 f5 20. Bxg7 Qxg7 21.
Qc3 Bxe2 22. Qxg7+ Kxg7 23. Rxe2 a5 24. Rb2 Rfe8 25. h4 Re4 26. Kd2 Kf6 27. f3
Re7 28. Kd3 Rb8 29. Re1 c6 30. e4 d5 31. cxd5 cxd5 32. Ree2 dxe4+ 33. fxe4
fxe4+ 34. Rxe4 Rd8+ 35. Ke3 Rxe4+ 36. Kxe4 Rd4+ 37. Ke3 Ke5 38. Rc2 Kd5 39. Rf2
Re4+ 40. Kd3 Rg4 41. Rf3 a4 42. Kc3 a3 43. Re3 Kc6 44. Re6+ Kb5 45. Re3 h5 46.
Kd2 g5 47. hxg5 Rxg5 48. Rf3 h4 49. gxh4 Rg2+ 50. Kc3 Rxa2 51. Rf8 Rh2 52. Rb8+
Kc6 53. Ra8 a2 54. b4 Kb7 55. Ra4 Rxh4 56. Rxa2 Rxb4 57. Rb2 Rxb2 1/2-1/2

[Event "SC Tornado Hochneukirch 1 - Brühler SK"]
[Site "NRW-Klasse - Gruppe 3 2019/20"]
[Date "2020.01.12"]
[Round "5.5"]
[White "Keller, Thomas"]
[Black "Ljuboschiz, Alexander"]
[Result "1-0"]
[WhiteElo "2172"]
[BlackElo "1955"]
[PlyCount "59"]
[EventDate "2020.??.??"]
[SourceVersionDate "2020.03.16"]
[WhiteTeam "Brühler SK 1"]
[BlackTeam "SC Tornado Hochneukirch 1"]

1. e4 e5 2. Nf3 Nc6 3. Bb5 a6 4. Bxc6 dxc6 5. O-O Qd6 6. Na3 b5 7. c3 Bg4 8.
Nc2 Nf6 9. d4 Nxe4 10. Re1 f5 11. Ne3 Bxf3 12. Qxf3 g6 13. Nxf5 gxf5 14. Qxf5
Bg7 15. Rxe4 Qd7 16. Qxd7+ Kxd7 17. dxe5 Ke6 18. f4 Rad8 19. Be3 Kf5 20. Rd4 c5
21. Rxd8 Rxd8 22. Kf2 h5 23. Kf3 Rd3 24. g3 c4 25. h3 Bf8 26. g4+ hxg4+ 27.
hxg4+ Ke6 28. Ke4 b4 29. Rc1 bxc3 30. Rxc3 1-0

[Event "SC Tornado Hochneukirch 1 - Brühler SK"]
[Site "NRW-Klasse - Gruppe 3 2019/20"]
[Date "2020.01.12"]
[Round "5.6"]
[White "Heller, Harald"]
[Black "Spilles, Matthias"]
[Result "0-1"]
[WhiteElo "1946"]
[BlackElo "2135"]
[PlyCount "66"]
[EventDate "2020.??.??"]
[SourceVersionDate "2020.03.16"]
[WhiteTeam "SC Tornado Hochneukirch 1"]
[BlackTeam "Brühler SK 1"]

1. d4 Nf6 2. Nf3 d5 3. e3 g6 4. Bd3 Bg7 5. O-O O-O 6. Nbd2 Nbd7 7. b3 e5 8.
Nxe5 Nxe5 9. dxe5 Ng4 10. Bb2 Nxe5 11. Be2 Nf3+ 12. Nxf3 Bxb2 13. Rb1 Bg7 14.
Bd3 c5 15. Nd2 Bc3 16. Nf3 Re8 17. h3 Bd7 18. Nh2 Bc6 19. Be2 Qd6 20. a4 a6 21.
Qd3 Ba5 22. c4 Bc7 23. g3 d4 24. Rbd1 Qe6 25. Bg4 f5 26. Be2 dxe3 27. f4 Rad8
28. Qc3 Rd2 29. Rxd2 exd2 30. Bf3 Qe1 31. Bxc6 bxc6 32. Qf3 Re3 33. Qxc6 d1=Q
0-1

[Event "SC Tornado Hochneukirch 1 - Brühler SK"]
[Site "NRW-Klasse - Gruppe 3 2019/20"]
[Date "2020.01.12"]
[Round "5.7"]
[White "Peters, Alex"]
[Black "Burstein, Garri"]
[Result "1/2-1/2"]
[WhiteElo "2114"]
[BlackElo "2050"]
[PlyCount "85"]
[EventDate "2020.??.??"]
[SourceVersionDate "2020.03.16"]
[WhiteTeam "Brühler SK 1"]
[BlackTeam "SC Tornado Hochneukirch 1"]

1. Nf3 Nf6 2. b3 g6 3. Bb2 Bg7 4. e3 d5 5. d4 Bf5 6. Bd3 Bxd3 7. Qxd3 O-O 8.
Nbd2 Nbd7 9. O-O c5 10. Rfd1 Qb6 11. c4 e6 12. Rac1 Rfc8 13. Ne5 cxd4 14. Bxd4
Qd6 15. Nxd7 Qxd7 16. Bxf6 Bxf6 17. cxd5 Qxd5 18. Qxd5 exd5 19. Nf3 Kf8 20. Kf1
Ke7 21. Rxc8 Rxc8 22. Rxd5 Ke6 23. Rd2 h5 24. Ke2 Rc1 25. Nd4+ Bxd4 26. Rxd4
Rc2+ 27. Rd2 Rc1 28. h4 Rh1 29. g3 Rc1 30. Kd3 Rc5 31. e4 Rc7 32. Rc2 Rd7+ 33.
Ke3 Re7 34. f4 Rd7 35. Ke2 Rd4 36. Rc7 Rxe4+ 37. Kd3 Rb4 38. Kc3 Rb6 39. Kd4 f6
40. Ke4 Rb4+ 41. Kf3 a5 42. g4 hxg4+ 43. Kxg4 1/2-1/2

[Event "SC Tornado Hochneukirch 1 - Brühler SK"]
[Site "NRW-Klasse - Gruppe 3 2019/20"]
[Date "2020.01.12"]
[Round "5.8"]
[White "Bohlmann, Erwin"]
[Black "Haskelman, Evgen"]
[Result "0-1"]
[WhiteElo "1869"]
[BlackElo "2070"]
[PlyCount "46"]
[EventDate "2020.??.??"]
[SourceVersionDate "2020.03.16"]
[WhiteTeam "SC Tornado Hochneukirch 1"]
[BlackTeam "Brühler SK 1"]

1. c4 f5 2. d4 Nf6 3. Nc3 e6 4. e3 d5 5. Nf3 c6 6. a3 Bd6 7. Be2 Nbd7 8. b3 Ne4
9. Bb2 Qf6 10. Qc2 O-O 11. Rf1 Qe7 12. g3 b6 13. Nd2 Bb7 14. f3 Nxc3 15. Qxc3
e5 16. Kf2 f4 17. Kg2 exd4 18. Qd3 dxe3 19. Nb1 Nc5 20. Qd1 fxg3 21. hxg3 Bxg3
22. Rh1 Qg5 23. Kf1 Ne4 0-1

[Event "Ratinger SK 1 - SK Turm Kleve 1"]
[Site "NRW-Klasse - Gruppe 3 2019/20"]
[Date "2020.01.12"]
[Round "5.1"]
[White "Melde, Benjamin"]
[Black "Graeber, Ralf"]
[Result "1/2-1/2"]
[WhiteElo "2142"]
[BlackElo "2145"]
[PlyCount "26"]
[EventDate "2020.??.??"]
[SourceVersionDate "2020.03.16"]
[WhiteTeam "SK Turm Kleve 1"]
[BlackTeam "Ratinger SK 1"]

1. c4 c5 2. g3 g6 3. Bg2 Bg7 4. Nc3 Nc6 5. a3 a6 6. e3 e6 7. b4 Nxb4 8. axb4
cxb4 9. d4 bxc3 10. Ne2 Ne7 11. Ba3 d5 12. Bxe7 Qxe7 13. cxd5 O-O 1/2-1/2

[Event "Ratinger SK 1 - SK Turm Kleve 1"]
[Site "NRW-Klasse - Gruppe 3 2019/20"]
[Date "2020.01.12"]
[Round "5.2"]
[White "Brosig, Boris"]
[Black "Wiegersma, Justus"]
[Result "1/2-1/2"]
[WhiteElo "2184"]
[BlackElo "1993"]
[PlyCount "56"]
[EventDate "2020.??.??"]
[SourceVersionDate "2020.03.16"]
[WhiteTeam "Ratinger SK 1"]
[BlackTeam "SK Turm Kleve 1"]

1. e4 c5 2. Nc3 a6 3. a4 e6 4. Nf3 Qc7 5. Bc4 b6 6. O-O Bb7 7. Re1 d6 8. d3 Nd7
9. Bf4 Ngf6 10. h3 Be7 11. Qe2 O-O 12. Nd1 Bc6 13. Bb3 Qb7 14. Ne3 b5 15. a5
Rfd8 16. Ng4 Rac8 17. c3 d5 18. Nxf6+ Nxf6 19. e5 Nh5 20. Bd2 d4 21. Ng5 g6 22.
Ne4 Bxe4 23. dxe4 c4 24. Bd1 d3 25. Qe3 Bc5 26. Qg5 Be7 27. Qe3 Bc5 28. Qg5 Be7
1/2-1/2

[Event "Ratinger SK 1 - SK Turm Kleve 1"]
[Site "NRW-Klasse - Gruppe 3 2019/20"]
[Date "2020.01.12"]
[Round "5.3"]
[White "Verfuerth, Kevin"]
[Black "Probst, Andreas"]
[Result "0-1"]
[WhiteElo "2022"]
[BlackElo "2111"]
[PlyCount "66"]
[EventDate "2020.??.??"]
[SourceVersionDate "2020.03.16"]
[WhiteTeam "SK Turm Kleve 1"]
[BlackTeam "Ratinger SK 1"]

1. c4 Nf6 2. g3 g6 3. Bg2 Bg7 4. Nc3 O-O 5. e4 d6 6. Nge2 e5 7. O-O Nc6 8. d3
Nh5 9. f4 exf4 10. Nxf4 Nxf4 11. Bxf4 Ne5 12. Qd2 c6 13. h3 Be6 14. Kh2 a6 15.
a4 c5 16. a5 Nc6 17. Nd5 Bxd5 18. cxd5 Nd4 19. Ra3 Rb8 20. Be3 b5 21. axb6 Rxb6
22. Bxd4 Bxd4 23. Ra2 Qe7 24. Rb1 Rfb8 25. b3 h5 26. Ra4 h4 27. g4 Qe5+ 28. Kh1
Rxb3 29. Rf1 Rb1 30. Rxa6 Qg3 31. Qe2 Be5 32. Kg1 Qh2+ 33. Kf2 Bd4+ 0-1